000 00647nam a2200241Ia 4500
003 OSt
005 20220918204042.0
006 a|||||r|||| 00| 0
007 ta
008 220917b |||||||| |||| 00| 0 eng d
024 _a110,825
037 _cTextual
040 _aARTS
_cARTS
_beng
041 _2eng
_aeng
082 _aV53.L9, J9
100 _aTocqueville A D
_9110557
245 0 _aEuropean revolution and correspondence with Gobineau
260 _aConnecticut
_bGreenwood
_c1959
300 _axi, 340p.
_ccm.
650 _aHISTORY
942 _hV53.L9, J9
_cTEXL
_2CC
999 _c234175
_d234175